| 000 | 00334nam a22001457a 4500 | ||
|---|---|---|---|
| 003 | SGT | ||
| 020 | _a9788123718408 | ||
| 082 |
_a954.03 _bN96B |
||
| 100 | _aBOS, SHIRIR KUMAR | ||
| 245 | _aNETAJI SUBHASH CHANDRA BOS | ||
| 260 |
_aINDIA _bNATIONAL BOOK TRUST _c1996 |
||
| 300 | _a139 | ||
| 650 | _aFREEDOM FIGHTERS | ||
| 942 |
_2ddc _cBK |
||
| 999 |
_c26148 _d26148 |
||